[Event "CZE-tht Extraliga 2018-19"]
[Site "Czech Republic"]
[Date "2019.02.10"]
[Round "8.6"]
[White "Neuman, Petr"]
[Black "Londyn, Radek"]
[Result "1/2-1/2"]
[WhiteElo "2404"]
[BlackElo "2399"]
[Annotator "NA"]
[PlyCount "232"]
[EventDate "2018.11.03"]
[EventType "team-tourn"]
[EventCountry "CZE"]
[SourceTitle "playchess.com"]
[Source "ChessBase"]
[SourceQuality "1"]
[WhiteTeam "Pardubice"]
[BlackTeam "Poruba"]
[TimeControl "40/5400+30:1800+30"]

1. c4 {[%emt 0:00:00]} e6 {[%emt 0:00:11]} 2. g3 {[%emt 0:00:00]} d5 {[%emt 0:00:12]} 3. Bg2 dxc4 {[%emt 0:01:27]} 4. Na3 {[%emt 0:01:27]} Bxa3 {[%emt 0:06:49]} 5. bxa3 {[%emt 0:00:13]} Nd7 {[%emt 0:01:56]} 6. Bb2 {[%emt 0:02:16]} Ngf6 {[%emt 0:00:17]} 7. Qa4 {[%emt 0:00:16]} b5 {[%emt 0:04:29]} 8. Qc2 {[%emt 0:00:29]} Rb8 {[%emt 0:01:00]} 9. a4 {[%emt 0:00:10]} Bb7 {[%emt 0:02:16]} 10. Bxb7 {[%emt 0:00:49]} Rxb7 {[%emt 0:00:02]} 11. axb5 {[%emt 0:00:11]} Rxb5 {[%emt 0:00:28]} 12. Nf3 {[%emt 0:00:39]} O-O {[%emt 0:02:19]} 13. O-O {[%emt 0:01:13]} e5 {[%emt 0:06:15]} 14. a4 {[%emt 0:02:52]} Rd5 {[%emt 0:00:31]} 15. e4 {[%emt 0:07:57]} Rd3 {[%emt 0:01:11]} 16. Ne1 {[%emt 0:00:55]} Rd6 {[%emt 0:00:44]} 17. Ba3 {[%emt 0:00:16]} c5 {[%emt 0:00:25]} 18. Ng2 {[%emt 0:05:12]} Qa5 {[%emt 0:15:24]} 19. Rfd1 {[%emt 0:00:53]} Rd8 {[%emt 0:00:21]} 20. Bb2 {[%emt 0:03:23]} Qb4 {[%emt 0:01:49]} 21. Ne3 {[%emt 0:03:49]} Qb3 {[%emt 0:01:39]} 22. Qxb3 {[%emt 0:02:57]} cxb3 {[%emt 0:00:03]} 23. f3 {[%emt 0:00:13]} Ra6 {[%emt 0:07:02]} 24. Kf2 {[%emt 0:03:18]} Ne8 {[%emt 0:03:24]} 25. Bc3 {[%emt 0:05:17]} Nd6 {[%emt 0:02:48]} 26. d3 {[%emt 0:03:53]} f6 {[%emt 0:00:24]} 27. Ke2 {[%emt 0:15:20]} Rb8 {[%emt 0:00:29]} 28. Bb2 {[%emt 0:00:33]} Kf7 {[%emt 0:05:30]} 29. Nd5 {[%emt 0:12:22]} Nb6 {[%emt 0:02:50]} 30. Nc3 {[%emt 0:00:26]} Nb7 {[%emt 0:06:45]} 31. Bc1 {[%emt 0:05:27]} Na5 {[%emt 0:03:39]} 32. Be3 {[%emt 0:01:45]} Nc6 {[%emt 0:01:25]} 33. a5 {[%emt 0:05:11]} Rxa5 {[%emt 0:00:25]} 34. Rxa5 {[%emt 0:00:17]} Nxa5 {[%emt 0:00:03]} 35. Ra1 {[%emt 0:00:21]} Nc6 {[%emt 0:00:26]} 36. Bxc5 {[%emt 0:00:24]} a5 {[%emt 0:03:11]} 37. Kd2 {[%emt 0:00:55]} b2 {[%emt 0:08:10]} 38. Rb1 {[%emt 0:00:56]} Nd4 {[%emt 0:00:09]} 39. Bxd4 {[%emt 0:02:18]} exd4 {[%emt 0:00:02]} 40. Nb5 {[%emt 0:00:42]} Na4 {[%emt 0:09:46]} 41. Nxd4 {[%emt 0:32:09]} Nc5 {[%emt 0:03:55]} 42. Kc3 {[%emt 0:00:00]} Rd8 {[%emt 0:02:54]} 43. Nc6 {[%emt 0:00:00]} Rc8 {[%emt 0:06:55]} 44. Nxa5 {[%emt 0:00:00]} Nxe4+ {[%emt 0:00:04]} 45. Kd4 {[%emt 0:00:00]} Nd2 {[%emt 0:00:26]} 46. Rxb2 {[%emt 0:00:00]} Nxf3+ {[%emt 0:00:12]} 47. Ke3 {[%emt 0:00:00]} Ne5 {[%emt 0:01:03]} 48. Nc4 {[%emt 0:00:00]} Nxc4+ {[%emt 0:00:33]} 49. dxc4 {[%emt 0:00:00]} Rxc4 {[%emt 0:00:03]} 50. h4 {[%emt 0:00:00]} h5 {[%emt 0:02:46]} 51. Rb5 {[%emt 0:00:00]} Kg6 {[%emt 0:00:15]} 52. Kf3 {[%emt 0:00:00]} Rg4 {[%emt 0:00:27]} 53. Rb6 {[%emt 0:00:00]} Kh7 {[%emt 0:00:37]} 54. Rb5 {[%emt 0:00:00]} Kh6 {[%emt 0:00:15]} 55. Rb6 {[%emt 0:00:00]} Ra4 {[%emt 0:01:08]} 56. Rc6 {[%emt 0:00:00]} Ra5 {[%emt 0:00:52]} 57. Rb6 {[%emt 0:00:00]} Rf5+ {[%emt 0:00:12]} 58. Kg2 {[%emt 0:00:00]} Kg6 {[%emt 0:00:45]} 59. Ra6 {[%emt 0:00:00]} Rc5 {[%emt 0:00:11]} 60. Ra7 {[%emt 0:00:00]} Rc3 {[%emt 0:00:15]} 61. Ra5 {[%emt 0:00:00]} Re3 {[%emt 0:02:32]} 62. Rb5 {[%emt 0:00:00]} Re5 {[%emt 0:00:42]} 63. Rb7 {[%emt 0:00:00]} Re6 {[%emt 0:00:56]} 64. Rb5 {[%emt 0:00:00]} Kh6 {[%emt 0:00:20]} 65. Rb8 {[%emt 0:00:00]} g6 {[%emt 0:01:31]} 66. Kf3 {[%emt 0:00:00]} Ra6 {[%emt 0:00:16]} 67. Rb4 {[%emt 0:00:00]} Ra3+ {[%emt 0:00:26]} 68. Kg2 {[%emt 0:00:00]} Ra7 {[%emt 0:00:31]} 69. Rb6 {[%emt 0:00:00]} Kg7 {[%emt 0:00:08]} 70. Kf3 {[%emt 0:00:00]} Ra3+ {[%emt 0:00:05]} 71. Kg2 {[%emt 0:00:00]} Ra4 {[%emt 0:00:06]} 72. Rb7+ {[%emt 0:00:00]} Kh6 {[%emt 0:00:02]} 73. Rf7 {[%emt 0:00:00]} f5 {[%emt 0:02:05]} 74. Kf2 {[%emt 0:00:00]} Ra8 {[%emt 0:00:16]} 75. Kf3 {[%emt 0:00:00]} Rg8 {[%emt 0:00:05]} 76. Rf6 {[%emt 0:00:00]} Kg7 {[%emt 0:00:21]} 77. Ra6 {[%emt 0:00:00]} Re8 {[%emt 0:00:06]} 78. Ra4 {[%emt 0:01:03]} Kf6 {[%emt 0:00:07]} 79. Rb4 {[%emt 0:00:30]} Re6 {[%emt 0:00:15]} 80. Ra4 {[%emt 0:02:10]} Ke5 {[%emt 0:00:16]} 81. Ra5+ {[%emt 0:00:33]} Kf6 {[%emt 0:00:15]} 82. Ra4 {[%emt 0:00:04]} Rd6 {[%emt 0:00:17]} 83. Kf4 {[%emt 0:00:21]} Rd3 {[%emt 0:00:58]} 84. Ra6+ {[%emt 0:00:32]} Kg7 {[%emt 0:00:03]} 85. Ra7+ {[%emt 0:00:18]} Kh6 {[%emt 0:00:17]} 86. Rf7 {[%emt 0:00:46]} Rd1 {[%emt 0:01:04]} 87. Kf3 {[%emt 0:00:20]} Rb1 {[%emt 0:01:36]} 88. Kf2 {[%emt 0:00:41]} Rb8 {[%emt 0:01:31]} 89. Kf3 {[%emt 0:00:05]} Rg8 {[%emt 0:00:03]} 90. Rf6 {[%emt 0:00:36]} Kg7 {[%emt 0:00:50]} 91. Ra6 {[%emt 0:00:05]} Re8 {[%emt 0:00:00]} 92. Ra4 {[%emt 0:00:05]} Kf7 {[%emt 0:00:09]} 93. Rb4 {[%emt 0:00:08]} Re6 {[%emt 0:00:29]} 94. Rc4 {[%emt 0:00:07]} Rd6 {[%emt 0:00:09]} 95. Ra4 {[%emt 0:00:09]} Ke6 {[%emt 0:00:19]} 96. Kf4 {[%emt 0:00:24]} Kf6 {[%emt 0:02:18]} 97. Rb4 {[%emt 0:00:17]} Ra6 {[%emt 0:01:03]} 98. Rc4 {[%emt 0:00:11]} Ra3 {[%emt 0:03:04]} 99. Rc6+ {[%emt 0:00:12]} Kg7 {[%emt 0:00:02]} 100. Rc7+ {[%emt 0:00:05]} Kh6 {[%emt 0:00:06]} 101. Rf7 {[%emt 0:00:34]} Ra4+ {[%emt 0:00:11]} 102. Ke3 {[%emt 0:00:09]} Ra5 {[%emt 0:00:48]} 103. Kf4 {[%emt 0:00:22]} Ra3 {[%emt 0:00:10]} 104. Rb7 {[%emt 0:00:20]} Ra4+ {[%emt 0:00:36]} 105. Kf3 {[%emt 0:00:08]} Ra8 {[%emt 0:05:33]} 106. Rf7 {[%emt 0:00:06]} Ra6 {[%emt 0:00:42]} 107. Kf4 {[%emt 0:00:58]} Re6 {[%emt 0:01:40]} 108. Ra7 {[%emt 0:01:24]} Re1 {[%emt 0:03:17]} 109. Rf7 {[%emt 0:00:23]} Re4+ {[%emt 0:00:32]} 110. Kf3 {[%emt 0:00:11]} Rg4 {[%emt 0:00:10]} 111. Kf2 {[%emt 0:00:50]} f4 {[%emt 0:02:17]} 112. Rxf4 {[%emt 0:00:26]} Rxf4+ {[%emt 0:00:12]} 113. gxf4 {[%emt 0:00:02]} Kg7 {[%emt 0:00:08]} 114. Ke3 {[%emt 0:00:15]} Kf6 {[%emt 0:00:06]} 115. Ke4 {[%emt 0:00:15]} Ke6 {[%emt 0:00:08]} 116. Ke3 {[%emt 0:00:04]} Kf6 {[%emt 0:00:07]} 1/2-1/2

[Event "CZE-tht Extraliga 2018-19"]
[Site "Czech Republic"]
[Date "2019.02.10"]
[Round "8.6"]
[White "Wiewiora, Eneasz"]
[Black "Simek, Petr"]
[Result "1-0"]
[WhiteElo "2354"]
[BlackElo "2319"]
[Annotator "NA"]
[PlyCount "79"]
[EventDate "2018.11.03"]
[EventType "team-tourn"]
[EventCountry "CZE"]
[SourceTitle "playchess.com"]
[Source "ChessBase"]
[SourceQuality "1"]
[WhiteTeam "Cesky Tesin"]
[BlackTeam "Siesta"]
[TimeControl "40/5400+30:1800+30"]

1. e4 {[%emt 0:00:00]} e5 {[%emt 0:00:00]} 2. Nf3 {[%emt 0:00:00]} Nc6 {[%emt 0:00:00]} 3. Bc4 {[%emt 0:00:28]} Nf6 {[%emt 0:00:00]} 4. d3 {[%emt 0:01:45]} Be7 {[%emt 0:00:00]} 5. O-O {[%emt 0:00:06]} O-O {[%emt 0:00:01]} 6. Re1 {[%emt 0:03:12]} d6 {[%emt 0:00:08]} 7. c3 {[%emt 0:00:22]} Na5 {[%emt 0:01:12]} 8. Bb5 {[%emt 0:01:03]} a6 {[%emt 0:00:10]} 9. Ba4 {[%emt 0:00:02]} c5 {[%emt 0:00:13]} 10. Nbd2 {[%emt 0:00:10]} Qc7 {[%emt 0:04:05]} 11. h3 {[%emt 0:00:24]} h6 {[%emt 0:15:53]} 12. Nf1 {[%emt 0:08:57]} Rd8 {[%emt 0:02:33]} 13. Ng3 {[%emt 0:06:49]} Bd7 {[%emt 0:04:54]} 14. Bxd7 {[%emt 0:09:31]} Rxd7 {[%emt 0:01:09]} 15. c4 {[%emt 0:22:46]} b5 {[%emt 0:02:03]} 16. b3 {[%emt 0:05:17]} Nc6 {[%emt 0:00:34]} 17. Nf5 {[%emt 0:00:20]} Bf8 {[%emt 0:00:31]} 18. g4 {[%emt 0:00:01]} Nh7 {[%emt 0:06:19]} 19. h4 {[%emt 0:01:26]} Nd8 {[%emt 0:15:15]} 20. Be3 {[%emt 0:14:20]} Ne6 {[%emt 0:01:24]} 21. Kh2 {[%emt 0:01:14]} Kh8 {[%emt 0:02:31]} 22. Rg1 {[%emt 0:02:27]} Qc6 {[%emt 0:02:55]} 23. g5 {[%emt 0:07:57]} hxg5 {[%emt 0:03:27]} 24. Nxg5 {[%emt 0:00:13]} Nexg5 {[%emt 0:00:27]} 25. Bxg5 {[%emt 0:01:47]} bxc4 {[%emt 0:02:49]} 26. bxc4 {[%emt 0:00:08]} Rb7 {[%emt 0:00:05]} 27. h5 {[%emt 0:01:13]} Qe8 {[%emt 0:08:59]} 28. Qg4 {[%emt 0:02:05]} Nxg5 {[%emt 0:00:31]} 29. Qxg5 {[%emt 0:00:02]} Qd8 {[%emt 0:00:08]} 30. Qg4 {[%emt 0:01:20]} Qf6 {[%emt 0:00:13]} 31. Rg3 {[%emt 0:00:04]} Rb2 {[%emt 0:04:48]} 32. Rf3 {[%emt 0:00:01]} Rab8 {[%emt 0:00:05]} 33. Rg1 {[%emt 0:05:03]} Rxa2 {[%emt 0:04:10]} 34. Rg2 {[%emt 0:00:01]} Kh7 {[%emt 0:00:07]} 35. h6 {[%emt 0:03:33]} g6 {[%emt 0:01:02]} 36. Nd4 {[%emt 0:01:55]} Qxf3 {[%emt 0:09:09]} 37. Nxf3 {[%emt 0:00:01]} Bxh6 {[%emt 0:00:08]} 38. Ng5+ {[%emt 0:00:37]} Kg7 {[%emt 0:00:06]} 39. Nxf7 {[%emt 0:01:33]} Bf4+ {[%emt 0:00:11]} 40. Kh3 {[%emt 0:00:36]} 1-0

[Event "CZE-tht Extraliga 2018-19"]
[Site "Czech Republic"]
[Date "2019.02.10"]
[Round "8.6"]
[White "Szotkowski, Jakub"]
[Black "Krejci, Jan"]
[Result "0-1"]
[WhiteElo "2345"]
[BlackElo "2558"]
[Annotator "ChessBase"]
[PlyCount "72"]
[EventDate "2018.11.03"]
[EventType "team-tourn"]
[EventCountry "CZE"]
[SourceTitle "playchess.com"]
[Source "ChessBase"]
[SourceQuality "1"]
[WhiteTeam "Beskydska"]
[BlackTeam "Novoborsky"]
[TimeControl "40/5400+30:1800+30"]

1. d4 {[%emt 0:00:00]} d5 {[%emt 0:00:00]} 2. c4 {[%emt 0:00:00]} e6 {[%emt 0:00:00]} 3. Nf3 {[%emt 0:00:00]} a6 {[%emt 0:00:00]} 4. g3 {[%emt 0:00:40]} dxc4 {[%emt 0:00:08]} 5. Bg2 {[%emt 0:00:08]} b5 {[%emt 0:00:23]} 6. Ne5 {[%emt 0:04:55]} c6 {[%emt 0:00:15]} 7. Nxc6 {[%emt 0:02:39]} Qb6 {[%emt 0:00:05]} 8. Na5 {[%emt 0:07:25]} Ra7 {[%emt 0:00:08]} 9. Qd2 {[%emt 0:26:15]} c3 {[%emt 0:05:20]} 10. Qxc3 {[%emt 0:00:20]} Rc7 {[%emt 0:00:04]} 11. Qd2 {[%emt 0:00:11]} Rxc1+ {[%emt 0:00:12]} 12. Qxc1 {[%emt 0:00:04]} Qxa5+ {[%emt 0:00:04]} 13. Nc3 {[%emt 0:02:09]} Nf6 {[%emt 0:15:01]} 14. O-O {[%emt 0:00:54]} Bd7 {[%emt 0:00:24]} 15. e4 {[%emt 0:07:14]} b4 {[%emt 0:01:04]} 16. e5 {[%emt 0:07:20]} bxc3 {[%emt 0:02:01]} 17. exf6 {[%emt 0:01:32]} gxf6 {[%emt 0:00:30]} 18. Qf4 {[%emt 0:03:05]} Qd8 {[%emt 0:01:48]} 19. bxc3 {[%emt 0:01:00]} Bg7 {[%emt 0:01:02]} 20. Rfb1 {[%emt 0:09:17]} O-O {[%emt 0:01:39]} 21. Rb7 {[%emt 0:00:32]} e5 {[%emt 0:05:13]} 22. Qh4 {[%emt 0:05:00]} Bf5 {[%emt 0:02:01]} 23. Be4 {[%emt 0:02:31]} Bxe4 {[%emt 0:06:21]} 24. Qxe4 {[%emt 0:00:09]} f5 25. Qxf5 {[%emt 0:00:38]} exd4 {[%emt 0:00:43]} 26. cxd4 {[%emt 0:02:26]} Nc6 {[%emt 0:13:39]} 27. Rd1 {[%emt 0:01:40]} Nxd4 {[%emt 0:01:16]} 28. Qd7 {[%emt 0:03:04]} Qf6 {[%emt 0:00:52]} 29. Qd5 {[%emt 0:01:24]} Ne2+ {[%emt 0:01:46]} 30. Kg2 {[%emt 0:03:30]} Nc3 {[%emt 0:00:06]} 31. Qd7 {[%emt 0:00:15]} Nxd1 {[%emt 0:00:21]} 32. Qxd1 {[%emt 0:00:04]} Qc6+ {[%emt 0:01:40]} 33. Qf3 {[%emt 0:00:04]} Qxf3+ {[%emt 0:00:04]} 34. Kxf3 {[%emt 0:00:03]} Rc8 {[%emt 0:00:07]} 35. Ra7 {[%emt 0:00:19]} Rc3+ {[%emt 0:00:03]} 36. Kg4 {[%emt 0:00:14]} Ra3 {[%emt 0:00:05]} 0-1

[Event "CZE-tht Extraliga 2018-19"]
[Site "Czech Republic"]
[Date "2019.02.10"]
[Round "8.6"]
[White "Cerveny, Martin"]
[Black "Pokorny, Petr"]
[Result "1-0"]
[WhiteElo "2343"]
[BlackElo "2222"]
[Annotator "NA"]
[PlyCount "133"]
[EventDate "2018.11.03"]
[EventType "team-tourn"]
[EventCountry "CZE"]
[SourceTitle "playchess.com"]
[Source "ChessBase"]
[SourceQuality "1"]
[WhiteTeam "Duras"]
[BlackTeam "Siesta B"]
[TimeControl "40/5400+30:1800+30"]

1. c4 {[%emt 0:00:00]} c6 {[%emt 0:00:00]} 2. d4 {[%emt 0:00:04]} d5 {[%emt 0:00:00]} 3. cxd5 {[%emt 0:00:10]} cxd5 {[%emt 0:00:04]} 4. Nc3 {[%emt 0:00:07]} Nf6 {[%emt 0:04:26]} 5. Bf4 {[%emt 0:00:08]} Qb6 {[%emt 0:00:51]} 6. Qb3 {[%emt 0:30:44]} Qxb3 {[%emt 0:00:23]} 7. axb3 {[%emt 0:00:03]} Na6 {[%emt 0:00:42]} 8. e3 {[%emt 0:02:33]} e6 {[%emt 0:03:21]} 9. Nf3 {[%emt 0:06:50]} Be7 {[%emt 0:06:35]} 10. Ne5 {[%emt 0:00:32]} Nh5 {[%emt 0:08:34]} 11. Bb5+ {[%emt 0:04:19]} Kf8 {[%emt 0:00:35]} 12. O-O {[%emt 0:08:41]} Nxf4 {[%emt 0:07:43]} 13. exf4 {[%emt 0:02:37]} f6 {[%emt 0:00:13]} 14. Nd3 {[%emt 0:01:41]} Nb4 {[%emt 0:04:54]} 15. Rfc1 {[%emt 0:01:51]} Nxd3 {[%emt 0:16:27]} 16. Bxd3 {[%emt 0:01:54]} Bd7 {[%emt 0:00:18]} 17. Bb5 {[%emt 0:06:35]} Bc6 {[%emt 0:04:26]} 18. Bxc6 {[%emt 0:02:06]} bxc6 {[%emt 0:00:04]} 19. Ra6 {[%emt 0:00:25]} Kf7 {[%emt 0:00:35]} 20. Rxc6 {[%emt 0:04:27]} Rhc8 {[%emt 0:02:11]} 21. Ra6 {[%emt 0:00:18]} Bb4 {[%emt 0:00:31]} 22. g3 {[%emt 0:01:40]} Rc7 {[%emt 0:00:52]} 23. Na2 {[%emt 0:01:26]} Rxc1+ {[%emt 0:04:08]} 24. Nxc1 {[%emt 0:00:05]} Be7 {[%emt 0:00:43]} 25. f5 {[%emt 0:02:00]} exf5 {[%emt 0:02:28]} 26. Ne2 {[%emt 0:02:07]} Bd8 {[%emt 0:05:28]} 27. Rd6 {[%emt 0:01:57]} Ke7 {[%emt 0:03:38]} 28. Rxd5 {[%emt 0:00:16]} Rb8 {[%emt 0:00:06]} 29. Nc1 {[%emt 0:01:14]} Rb4 {[%emt 0:01:18]} 30. Nd3 {[%emt 0:01:03]} Rxb3 {[%emt 0:02:06]} 31. Nc5 {[%emt 0:00:06]} Rxb2 {[%emt 0:00:17]} 32. Rd7+ {[%emt 0:00:05]} Ke8 {[%emt 0:00:06]} 33. Rxa7 {[%emt 0:00:33]} Be7 {[%emt 0:02:09]} 34. Ne6 {[%emt 0:00:02]} g6 {[%emt 0:00:29]} 35. Nc7+ {[%emt 0:00:53]} Kf7 {[%emt 0:01:53]} 36. Nd5 {[%emt 0:00:21]} Re2 {[%emt 0:00:20]} 37. Kf1 {[%emt 0:08:37]} Re4 {[%emt 0:00:32]} 38. f3 {[%emt 0:02:26]} Re6 {[%emt 0:00:04]} 39. Kf2 {[%emt 0:01:03]} Kf8 {[%emt 0:00:30]} 40. h4 {[%emt 0:00:18]} Bd8 {[%emt 0:02:31]} 41. Ra8 {[%emt 0:12:34]} Rd6 {[%emt 0:00:00]} 42. Nxf6 {[%emt 0:04:39]} Rxd4 {[%emt 0:04:10]} 43. Nxh7+ {[%emt 0:00:35]} Kg7 {[%emt 0:00:14]} 44. Ra7+ {[%emt 0:00:24]} Kg8 {[%emt 0:00:05]} 45. Kg2 {[%emt 0:05:20]} Rd2+ {[%emt 0:02:22]} 46. Kh3 {[%emt 0:02:33]} Rf2 {[%emt 0:01:16]} 47. f4 {[%emt 0:00:47]} Rd2 {[%emt 0:00:15]} 48. Rb7 {[%emt 0:00:42]} Kh8 {[%emt 0:00:59]} 49. Nf8 {[%emt 0:00:25]} Rd6 {[%emt 0:00:48]} 50. Rb8 {[%emt 0:01:32]} Bc7 {[%emt 0:02:20]} 51. Nxg6+ {[%emt 0:02:07]} Kg7 {[%emt 0:00:01]} 52. Rb7 {[%emt 0:00:07]} Kxg6 {[%emt 0:00:04]} 53. Rxc7 {[%emt 0:00:04]} Rd3 {[%emt 0:00:47]} 54. Rc6+ {[%emt 0:00:42]} Kh5 {[%emt 0:00:04]} 55. Rc5 {[%emt 0:00:09]} Kg6 {[%emt 0:00:17]} 56. h5+ {[%emt 0:00:08]} Kf6 {[%emt 0:00:18]} 57. Rc6+ {[%emt 0:00:05]} Kg7 {[%emt 0:00:22]} 58. Kh4 {[%emt 0:00:05]} Ra3 {[%emt 0:01:06]} 59. h6+ {[%emt 0:01:13]} Kh7 {[%emt 0:01:56]} 60. Rf6 {[%emt 0:00:12]} Ra5 {[%emt 0:00:13]} 61. Kh5 {[%emt 0:01:12]} Ra3 {[%emt 0:00:23]} 62. Rg6 {[%emt 0:00:25]} Rb3 {[%emt 0:00:59]} 63. Rg7+ {[%emt 0:00:14]} Kh8 {[%emt 0:00:04]} 64. Kh4 {[%emt 0:03:18]} Rb1 {[%emt 0:01:29]} 65. Kg5 {[%emt 0:01:34]} Rb3 {[%emt 0:00:40]} 66. Kxf5 {[%emt 0:00:41]} Rb5+ {[%emt 0:00:05]} 67. Ke4 1-0

[Event "CZE-tht Extraliga 2018-19"]
[Site "Czech Republic"]
[Date "2019.02.10"]
[Round "8.6"]
[White "Obsivac, Josef"]
[Black "Kislinsky, Alexey"]
[Result "0-1"]
[WhiteElo "2282"]
[BlackElo "2426"]
[Annotator "NA"]
[PlyCount "148"]
[EventDate "2018.11.03"]
[EventType "team-tourn"]
[EventCountry "CZE"]
[SourceTitle "playchess.com"]
[Source "ChessBase"]
[SourceQuality "1"]
[WhiteTeam "Brno"]
[BlackTeam "Lysa nad Labem"]
[TimeControl "40/5400+30:1800+30"]

1. d4 {[%emt 0:00:00]} Nf6 {[%emt 0:00:00]} 2. c4 {[%emt 0:00:00]} c5 {[%emt 0:00:00]} 3. d5 {[%emt 0:00:00]} b5 {[%emt 0:00:11]} 4. Nd2 {[%emt 0:00:26]} bxc4 {[%emt 0:00:32]} 5. e4 {[%emt 0:00:11]} c3 {[%emt 0:02:10]} 6. bxc3 {[%emt 0:00:19]} g6 {[%emt 0:00:07]} 7. Ngf3 {[%emt 0:01:20]} Bg7 {[%emt 0:00:29]} 8. Bd3 {[%emt 0:04:38]} O-O {[%emt 0:00:29]} 9. O-O {[%emt 0:00:58]} d6 {[%emt 0:00:14]} 10. Rb1 {[%emt 0:01:33]} Nbd7 {[%emt 0:01:30]} 11. Re1 {[%emt 0:06:59]} Qc7 {[%emt 0:01:28]} 12. c4 {[%emt 0:02:25]} Nh5 {[%emt 0:01:47]} 13. Bf1 {[%emt 0:07:10]} Nb6 {[%emt 0:01:09]} 14. Qc2 {[%emt 0:03:32]} Bd7 {[%emt 0:00:43]} 15. Bb2 {[%emt 0:05:12]} Bxb2 {[%emt 0:01:26]} 16. Rxb2 {[%emt 0:01:23]} f6 {[%emt 0:02:45]} 17. Re3 {[%emt 0:08:17]} Rab8 {[%emt 0:01:53]} 18. Ra3 {[%emt 0:10:55]} Rb7 {[%emt 0:03:58]} 19. Nb1 {[%emt 0:05:07]} Rfb8 {[%emt 0:07:46]} 20. Nc3 {[%emt 0:05:12]} Qd8 {[%emt 0:00:28]} 21. Nd2 {[%emt 0:02:40]} Qe8 {[%emt 0:07:47]} 22. g3 {[%emt 0:03:32]} Ng7 {[%emt 0:03:01]} 23. Qb1 {[%emt 0:04:25]} f5 {[%emt 0:02:13]} 24. Nb5 {[%emt 0:05:04]} Bxb5 {[%emt 0:01:55]} 25. cxb5 {[%emt 0:01:08]} fxe4 {[%emt 0:00:22]} 26. Qxe4 {[%emt 0:00:22]} Nd7 {[%emt 0:02:28]} 27. Nc4 {[%emt 0:02:02]} Nf6 {[%emt 0:00:52]} 28. Qd3 {[%emt 0:00:48]} Rc7 {[%emt 0:10:09]} 29. Ra6 {[%emt 0:04:22]} Qf7 {[%emt 0:05:53]} 30. Bg2 {[%emt 0:00:15]} Nd7 {[%emt 0:04:58]} 31. a4 {[%emt 0:02:02]} Nb6 {[%emt 0:02:23]} 32. a5 {[%emt 0:03:51]} Nxc4 {[%emt 0:00:08]} 33. Qxc4 {[%emt 0:00:03]} Qf6 {[%emt 0:00:15]} 34. Rb1 {[%emt 0:01:05]} Nf5 {[%emt 0:03:26]} 35. Rc6 {[%emt 0:03:15]} Rcb7 {[%emt 0:01:26]} 36. b6 {[%emt 0:02:01]} Nd4 {[%emt 0:01:47]} 37. Qa6 {[%emt 0:00:46]} Qf5 {[%emt 0:01:44]} 38. Re1 {[%emt 0:01:46]} axb6 {[%emt 0:04:10]} 39. Rxb6 {[%emt 0:01:06]} Rxb6 {[%emt 0:02:40]} 40. axb6 {[%emt 0:00:07]} Qd7 {[%emt 0:00:24]} 41. h4 {[%emt 0:18:20]} Kf8 {[%emt 0:02:57]} 42. Rb1 {[%emt 0:01:36]} Qb7 {[%emt 0:01:44]} 43. Qd3 {[%emt 0:02:36]} Qd7 {[%emt 0:01:50]} 44. Kh2 {[%emt 0:02:50]} Qf5 {[%emt 0:01:12]} 45. Qxf5+ {[%emt 0:01:35]} gxf5 {[%emt 0:00:18]} 46. Bf1 {[%emt 0:01:10]} h6 {[%emt 0:03:13]} 47. Bd3 {[%emt 0:00:24]} Kf7 {[%emt 0:00:38]} 48. Kg2 {[%emt 0:00:31]} e5 {[%emt 0:00:57]} 49. dxe6+ {[%emt 0:00:23]} Kxe6 {[%emt 0:00:04]} 50. b7 {[%emt 0:02:52]} Kd5 {[%emt 0:01:51]} 51. Ba6 {[%emt 0:00:33]} Kc6 {[%emt 0:00:54]} 52. Kf1 {[%emt 0:02:48]} d5 {[%emt 0:00:31]} 53. Ke1 {[%emt 0:00:16]} c4 {[%emt 0:00:46]} 54. Kd2 {[%emt 0:00:33]} Nb3+ {[%emt 0:01:12]} 55. Kc3 {[%emt 0:00:24]} Nc5 {[%emt 0:01:06]} 56. Ra1 {[%emt 0:02:46]} Kb6 {[%emt 0:01:31]} 57. Bxc4 {[%emt 0:00:39]} Ne4+ {[%emt 0:00:13]} 58. Kd4 {[%emt 0:01:26]} dxc4 {[%emt 0:00:06]} 59. Kxc4 {[%emt 0:00:07]} Nxf2 {[%emt 0:01:21]} 60. Rb1+ {[%emt 0:01:18]} Kc6 {[%emt 0:00:06]} 61. Kd4 {[%emt 0:00:06]} Ng4 {[%emt 0:03:15]} 62. Rf1 {[%emt 0:00:11]} Rxb7 {[%emt 0:01:34]} 63. Rxf5 {[%emt 0:00:07]} Rb4+ {[%emt 0:01:11]} 64. Kd3 {[%emt 0:01:26]} Kd6 {[%emt 0:01:57]} 65. Ra5 {[%emt 0:00:27]} Ke6 {[%emt 0:00:51]} 66. Rc5 {[%emt 0:00:33]} Rb3+ {[%emt 0:00:18]} 67. Ke4 {[%emt 0:00:10]} Nf2+ {[%emt 0:01:49]} 68. Kd4 {[%emt 0:00:12]} Rd3+ {[%emt 0:02:20]} 69. Kc4 {[%emt 0:00:01]} Rd6 {[%emt 0:00:08]} 70. Rc8 {[%emt 0:01:10]} Kf5 {[%emt 0:01:16]} 71. Rf8+ {[%emt 0:00:03]} Rf6 {[%emt 0:00:06]} 72. Rg8 {[%emt 0:00:04]} Ng4 {[%emt 0:00:38]} 73. Kd5 {[%emt 0:00:36]} Ra6 {[%emt 0:01:26]} 74. Kd4 {[%emt 0:00:18]} Ra4+ {[%emt 0:00:07]} 0-1

[Event "CZE-tht Extraliga 2018-19"]
[Site "Czech Republic"]
[Date "2019.02.10"]
[Round "8.7"]
[White "Zilka, Stepan"]
[Black "Jasny, Stanislav"]
[Result "1-0"]
[WhiteElo "2533"]
[BlackElo "2361"]
[Annotator "TA"]
[PlyCount "71"]
[EventDate "2018.11.03"]
[EventType "team-tourn"]
[EventCountry "CZE"]
[SourceTitle "playchess.com"]
[Source "ChessBase"]
[SourceQuality "1"]
[WhiteTeam "Novoborsky"]
[BlackTeam "Beskydska"]

{[%evp 17,71,16,22,8,20,28,34,17,6,4,37,29,40,31,32,40,36,30,66,66,77,64,85,82,87,66,87,97,153,129,127,126,133,112,135,156,152,150,302,294,299,279,278,275,390,389,947,939,930,941,931,911,855,863,818,818]} 1. e4 c6 2. d4 d5 3. Nd2 dxe4 4. Nxe4 Bf5 5. Ng3 Bg6 6. Nh3 e6 7. Nf4 Bd6 8. h4 Qc7 9. Nxg6 hxg6 10. Ne4 {B18: Classical Caro-Kann: 4...Bf5 sidelines} Nf6 11. Nxd6+ Qxd6 12. g3 {White is slightly better.} (12. c3 Qd5 13. Be2 Qe4 14. Bg5 Nbd7 15. Qd3 Qxd3 16. Bxd3 O-O-O 17. O-O-O Nb6 {½-½ (65) Tomashevsky,E (2728)-Navara,D (2734) Huaian 2016}) 12... Qd5 13. Rg1 Qe4+ $146 ({Predecessor:} 13... Nbd7 14. Be3 O-O-O 15. c3 Nb6 16. Qb3 Qxb3 17. axb3 a6 {½-½ (59) Motola,J (2063)-Bonazzi,E (2079) Milan 2014}) 14. Be3 Nd5 15. Qd2 Nxe3 16. fxe3 Nd7 17. O-O-O Nf6 18. Bg2 Qg4 19. Rdf1 Qh5 20. g4 Qb5 21. g5 $36 {[%mdl 2048] White is more active.} Nd5 22. Rf3 Qb4 (22... e5 $142) 23. Qf2 $16 Qe7 24. a3 Rc8 25. Bf1 Rc7 26. c4 Nb6 {[#]} 27. c5 $1 {[%cal Rc5b6]} Na8 $2 (27... Nd7 $16 28. Bd3 b6) 28. Bd3 $18 Rd7 29. Rf1 Nc7 {If Black can now play ...e5 this consolidates a bit.} 30. Qg3 Qd8 (30... e5 $142 31. Rxf7 Qe6) 31. Qe5 Rg8 $2 {[#]} (31... O-O 32. Bxg6 {[%mdl 64] Pin} Re7) 32. Rxf7 $1 {[%mdl 576] Remove Defender. White is clearly winning.} Rxf7 33. Bxg6 Rgf8 34. Rxf7 Rxf7 35. Qxg7 $1 {[%csl Gg6][%cal Rg7f7][%mdl 64] Pin} Qe7 36. Qg8+ {[%mdl 64] Pin. Accuracy: White = 84%, Black = 36%.} 1-0